000 00662nam a2200205Ia 4500
003 GCL
008 140319s9999 xx 000 0 ara d
040 _aGCL /
_cGCL
082 0 4 _a811.009
_bس ا
100 1 _aسعد اسماعيل شلبى
245 1 0 _aالاصول الفنية للشعر الاندلسى عصر الاماره /
_cسعد اسماعيل شلبى
260 _a[S.N] :
_bدار نهضة مصر للطبع والنشر ،
_c1983
300 _a469 ص
490 _a
650 0 4 _aالشعر العربى
650 0 4 _aالادب العربى
650 0 4 _aالشعراء العرب
650 0 4 _aتاريخ ونقد
942 _2ddc
_cBK
999 _c30915
_d30915